000 01081nam a2200265Ia 4500
003 OSt
005 20221005110500.0
006 a|||||r|||| 00| 0
007 ta
008 221004b |||||||| |||| 00| 0 hin d
020 _a8121404541 (hbk)
_cINR 425.00
024 _a43386
037 _b306, 25/02/2019, Eastern Book Linkers
_cTextual
040 _aCRL
_cCRL
_bhin
041 _2hin
_ahin
082 _aO152:g(P), Q0
100 _aहरदीप कौर, ले.
245 0 _aप्रोक्ति - शैलीविज्ञान और फंतासी
_b मुक्तिबोध का संदर्भ
246 _aProkti - shailīvijnyān aur fantāsī: muktibodh kā sandarbha
260 _aनई दिल्ली
_bनेशनल पब्लिशिंग हाउस भारत
_c2010
300 _a281पृ0
_ccm.
650 _aहिन्दी साहित्य
942 _hO152:g(P), Q0
_cTEXL
_2cc
999 _c1018968
_d1018968